Epidemiologycal on newcastle disease in angsnoul district, kandal province, សិក្សាកម្រិតរាលដាលនៃជំងឺដង្កោកាច់ក្នុងស្រុកអង្គស្នួល ខេត្តកណ្ដាល (Record no. 10863)
[ view plain ]
| 000 -LEADER | |
|---|---|
| fixed length control field | 00656nam a22001577a 4500 |
| 003 - CONTROL NUMBER IDENTIFIER | |
| control field | OSt |
| 005 - DATE AND TIME OF LATEST TRANSACTION | |
| control field | 20161123091812.0 |
| 008 - FIXED-LENGTH DATA ELEMENTS--GENERAL INFORMATION | |
| fixed length control field | 161123b xxu||||| |||| 00| 0 eng d |
| 040 ## - CATALOGING SOURCE | |
| Transcribing agency | RUA |
| 082 ## - DEWEY DECIMAL CLASSIFICATION NUMBER | |
| Classification number | VEM KHE 2015 B534 Or.1 |
| 100 ## - MAIN ENTRY--PERSONAL NAME | |
| 9 (RLIN) | 11297 |
| Personal name | KHEN RAT; ខេន រ៉ាត់ |
| 245 ## - TITLE STATEMENT | |
| Title | Epidemiologycal on newcastle disease in angsnoul district, kandal province, សិក្សាកម្រិតរាលដាលនៃជំងឺដង្កោកាច់ក្នុងស្រុកអង្គស្នួល ខេត្តកណ្ដាល |
| 260 ## - PUBLICATION, DISTRIBUTION, ETC. (IMPRINT) | |
| Place of publication, distribution, etc. | Phnom penh |
| Name of publisher, distributor, etc. | KHE |
| Date of publication, distribution, etc. | 2015 |
| 300 ## - PHYSICAL DESCRIPTION | |
| Extent | x,39p. |
| Other physical details | ill. |
| Dimensions | 29cm. |
| 942 ## - ADDED ENTRY ELEMENTS (KOHA) | |
| Source of classification or shelving scheme | |
| Koha item type | VEM |
| Price effective from | Date last seen | Permanent Location | Not for loan | Date acquired | Source of classification or shelving scheme | Koha item type | Barcode | Lost status | Damaged status | Shelving location | Withdrawn status | Current Location | Full call number |
|---|---|---|---|---|---|---|---|---|---|---|---|---|---|
| 2016-11-23 | 2016-11-23 | Library Block B | 2016-11-23 | VEM | A03302 | B534 | Library Block B | VEM KHE 2015 B534 Or.1 | |||||
| 2016-11-23 | 2016-11-23 | Library Block B | 2016-11-23 | VEM | A04253 | B534 | Library Block B | VEM KHE 2015 B534 Or.2 | |||||
| 2016-11-23 | 2016-11-23 | Library Block B | 2016-11-23 | VEM | A04169 | B534 | Library Block B | VEM KHE 2015 B534 Or.3 | |||||
| 2016-11-23 | 2016-11-23 | Library Block B | 2016-11-23 | VEM | A04401 | B534 | Library Block B | VEM KHE 2015 B534 Or.4 | |||||
| 2016-11-23 | 2016-11-23 | Library Block B | 2016-11-23 | VEM | A04335 | B534 | Library Block B | VEM KHE 2015 B534 Or.5 | |||||
| 2016-11-23 | 2016-11-23 | Library Block B | 2016-11-23 | VEM | A04403 | B534 | Library Block B | VEM KHE 2015 B534 Or.6 | |||||
| 2016-11-23 | 2016-11-23 | Library Block B | 2016-11-23 | VEM | A03139 | B534 | Library Block B | VEM KHE 2015 B534 Or.7 | |||||
| 2016-11-23 | 2016-11-23 | Library Block B | 2016-11-23 | VEM | A04251 | B534 | Library Block B | VEM KHE 2015 B534 Or.8 |